00765nam a2200229Ia 450000500170000000800410001702000230005804000190008104100120010008200160011210000200012824500680014826000380021630000220025450400500027665000300032665100300035685000100038694200070039699900170040395201150042020221117104917.0131103s9999 xx 000 0 und d a8129109913cRs 795 aLoreto College aEnglish a954.03bGOD aGodbole, Madhav 4aThe Holocaust of Indian Partitionb An inquest cMadhav Godbole aNew DelhibRupa and Companyc2006 axii,658pb maps,  aIncludes bibliographical references and index aIndia, Partition, History aPartition, India, History aLCLIB cBK c15111d65590 00102ddc4070aMAINbMAINd2013-11-04l2o954.03 GOD 45126pB15156r2024-03-11s2024-03-04w2013-11-04yBKf